[Event "Nothing flash, nothing fancy"]
[Site "SchemingMind.com"]
[Date "2016.10.23"]
[Round "-"]
[White "Sir Osis of the Liver"]
[Black "Wojtek26"]
[Result "0-1"]
[WhiteCountry "ENG"]
[BlackCountry "POL"]
[WhiteElo "1539"]
[WhiteRD "86"]
[BlackElo "1529"]
[BlackRD "46"]
[GameID "405535"]

1. e4 e5 2. Nf3 Nc6 3. Bc4 Nf6 4. a3 Bc5 5. d3 O-O 6. h3 h6 7. O-O d6 8. Nc3 Nd4 9. Na4 Nxf3+ 10. Qxf3 a6
11. Nxc5 dxc5 12. b4 cxb4 13. axb4 Be6 14. Qg3 Kh8 15. Bxe6 fxe6 16. Qxe5 Re8 17. Bb2 Qd6 18. Qc3 Rf8 19. e5 Nd5 20. Qd2 Qc6
21. c4 Nf4 22. f3 Rad8 23. Rac1 Rxd3 24. Qf2 Rfd8 25. Kh2 Rd2 26. Qg3 Rxg2+ 27. Qxg2 Nxg2 28. Kxg2 Rd2+ 29. Rf2 Rxf2+ 30. Kxf2 Qb6+
31. c5 Qxb4 32. Bc3 Qxc5+ 33. Kg2 Qa3 34. Bd2 Qb2 35. Rxc7 Qxd2+ 36. Kg3 Qg5+ 37. Kf2 Qxe5 38. Rxb7 Qh2+ 39. Ke3 Qxh3 40. Ke4 Qf5+
41. Ke3 a5 42. Rb8+ Kh7 43. Ra8 h5 44. Kf2 a4 45. Kg3 Qb5 46. Rc8 a3 47. Ra8 Qb2
0-1

[Event "Nothing flash, nothing fancy"]
[Site "SchemingMind.com"]
[Date "2016.10.23"]
[Round "-"]
[White "Wojtek26"]
[Black "Sir Osis of the Liver"]
[Result "0-1"]
[WhiteCountry "POL"]
[BlackCountry "ENG"]
[WhiteElo "1501"]
[WhiteRD "46"]
[BlackElo "1594"]
[BlackRD "97"]
[GameID "405536"]

1. d4 d5 2. c4 dxc4 3. e3 e6 4. Bxc4 Nf6 5. Nf3 Nc6 6. O-O Bd6 7. h3 a6 8. Nc3 h6 9. b3 O-O 10. Bb2 Nh7
11. d5 Na5 12. Ne4 Nxc4 13. bxc4 Be7 14. Qd4 Nf6 15. Nfd2 exd5 16. cxd5 Bf5 17. g4 Bg6 18. f4 c5 19. Nxf6+ Bxf6 20. Qxc5 Bxb2
21. Rae1 Qh4 22. Rf3 Qxe1+
0-1

[Event "Nothing flash, nothing fancy"]
[Site "SchemingMind.com"]
[Date "2016.11.01"]
[Round "-"]
[White "Sir Osis of the Liver"]
[Black "Thomas Jacob Kelly"]
[Result "0-1"]
[WhiteCountry "ENG"]
[BlackCountry "USA"]
[WhiteElo "1539"]
[WhiteRD "86"]
[BlackElo "1751"]
[BlackRD "98"]
[GameID "405860"]

1. e4 e6 2. Nf3 c5 3. d4 cxd4 4. Nxd4 a6 5. a3 Qc7 6. Bd3 Nc6 7. Nf3 Bc5 8. O-O Nf6 9. Re1 b5 10. e5 Ng4
11. Nd4 Ncxe5 12. Be4 d5 13. Bf3 Nxh2 14. Bf4 Nexf3+ 15. gxf3 Qxf4 16. c3 O-O 17. Re3 e5 18. Ne2 Nxf3+ 19. Rxf3 Qxf3 20. Qf1 Bh3
21. Nd2 Qg4+ 22. Ng3 Qxg3+ 23. Kh1 Bxf2
0-1

[Event "Nothing flash, nothing fancy"]
[Site "SchemingMind.com"]
[Date "2016.11.01"]
[Round "-"]
[White "Thomas Jacob Kelly"]
[Black "Sir Osis of the Liver"]
[Result "1-0"]
[WhiteCountry "USA"]
[BlackCountry "ENG"]
[WhiteElo "1751"]
[WhiteRD "98"]
[BlackElo "1539"]
[BlackRD "86"]
[GameID "405861"]

1. e4 d5 2. exd5 Nf6 3. d4 Bf5 4. c4 e6 5. Qa4+ c6 6. dxe6 fxe6 7. Nf3 Bd6 8. c5 Bc7 9. Nc3 O-O 10. Qb3 Nd5
11. Qxb7 Ba5 12. Bd2 Nb4 13. Be3 Nc2+ 14. Kd2 Nxa1 15. Qxa8 Nc2 16. Bd3 Nxe3 17. fxe3 Qc7 18. a3 Nd7 19. Qxf8+ Kxf8 20. b4 Nf6
21. bxa5 Qxa5 22. a4 Nd5 23. Rc1 Bxd3 24. Kxd3 Nb4+ 25. Ke2 Nd5 26. Nxd5 exd5 27. Rf1 Kg8 28. Ne5 Qxa4 29. Kf3 g6 30. Kg3 Qc2
31. Nxc6 Qe4 32. Rf3 g5 33. h3 Qh4+ 34. Kh2 g4 35. Rf4 g3+ 36. Kg1 Qg5 37. Rg4 h6 38. Rxg5+ hxg5 39. Nxa7
1-0

[Event "Nothing flash, nothing fancy"]
[Site "SchemingMind.com"]
[Date "2016.11.01"]
[Round "-"]
[White "Wojtek26"]
[Black "Thomas Jacob Kelly"]
[Result "0-1"]
[WhiteCountry "POL"]
[BlackCountry "USA"]
[WhiteElo "1529"]
[WhiteRD "46"]
[BlackElo "1751"]
[BlackRD "98"]
[GameID "405862"]

1. e4 c5 2. c3 d5 3. e5 Nc6 4. d4 cxd4 5. cxd4 Qb6 6. Nf3 Bg4 7. Nbd2 Nxd4 8. h3 Rc8 9. Be2 Nc2+ 10. Kf1 Bxf3
11. Bxf3 Nxa1 12. b3 e6 13. Bb2 Nc2 14. g4 Ba3 15. Bxa3 Nxa3 16. Kg2 Ne7 17. h4 Ng6 18. h5 Nxe5 19. Re1 Nd3 20. Re3 Nf4+
21. Kg3 Nc2 22. Re5 f6
0-1

[Event "Nothing flash, nothing fancy"]
[Site "SchemingMind.com"]
[Date "2016.11.01"]
[Round "-"]
[White "Thomas Jacob Kelly"]
[Black "Wojtek26"]
[Result "1-0"]
[WhiteCountry "USA"]
[BlackCountry "POL"]
[WhiteElo "1751"]
[WhiteRD "98"]
[BlackElo "1529"]
[BlackRD "46"]
[GameID "405863"]

1. e4 e5 2. Nc3 Nf6 3. Nf3 Nc6 4. Bb5 d6 5. d4 a6 6. Ba4 Bd7 7. d5 Nd4 8. Bxd7+ Qxd7 9. Nxd4 exd4 10. Qxd4 c5
11. Qd3 Be7 12. O-O O-O 13. f4 b5 14. e5 c4 15. Qf3 dxe5 16. fxe5 Ne8 17. d6 Bd8 18. Qxa8
1-0

[Event "Nothing flash, nothing fancy"]
[Site "SchemingMind.com"]
[Date "2016.11.05"]
[Round "-"]
[White "Scooter"]
[Black "Sir Osis of the Liver"]
[Result "0-1"]
[WhiteCountry "USA"]
[BlackCountry "ENG"]
[WhiteElo "1693"]
[WhiteRD "56"]
[BlackElo "1539"]
[BlackRD "86"]
[GameID "406022"]

1. d4 d5 2. Nf3 Nf6 3. Bf4 e6 4. e3 a6 5. Be2 Nc6 6. O-O Be7 7. Nbd2 Nh5 8. Ne5 Nxf4 9. exf4 Nxd4 10. c3 Nxe2+
11. Qxe2 O-O 12. Rfd1 f6 13. Nef3 c5 14. b3 d4 15. cxd4 cxd4 16. Nc4 Bc5 17. Nxd4 Bxd4 18. Qe4 e5 19. fxe5 fxe5 20. Kh1 Bf5
21. Qe2 Qg5 22. Nxe5 Bxe5 23. Qxe5 Rae8 24. Qd5+ Kh8 25. Re1 Rd8 26. Qxb7 h5 27. Qxa6 Rd2 28. Qf1 Bd3 29. Qg1 Rdxf2 30. Re8 Rxe8
31. Qxf2 Re2 32. Qg3 Qd5 33. Rd1 Qe4 34. h4 Bc2 35. Rd7 Qg4 36. Qxg4 hxg4 37. Rd4 g3
0-1

[Event "Nothing flash, nothing fancy"]
[Site "SchemingMind.com"]
[Date "2016.11.05"]
[Round "-"]
[White "Sir Osis of the Liver"]
[Black "Scooter"]
[Result "1-0"]
[WhiteCountry "ENG"]
[BlackCountry "USA"]
[WhiteElo "1539"]
[WhiteRD "86"]
[BlackElo "1693"]
[BlackRD "56"]
[GameID "406023"]

1. e4 c6 2. Nf3 d5 3. exd5 cxd5 4. d4 Nf6 5. Bd3 Bg4 6. c3 e6 7. h3 Bxf3 8. Qxf3 Be7 9. O-O O-O 10. Nd2 Nc6
11. Nb3 b6 12. Nd2 a6 13. Re1 b5 14. Be2 b4 15. Nf1 bxc3 16. bxc3 Ne4 17. Bd3 Nxc3 18. Bxh7+ Kh8 19. Qxc3 Bb4 20. Qf3 Kxh7
21. Re2 Nxd4 22. Qh5+ Kg8 23. Re3 Nc2 24. Rg3 Bd6 25. Rxg7+ Kxg7 26. Bh6+
1-0

[Event "Nothing flash, nothing fancy"]
[Site "SchemingMind.com"]
[Date "2016.11.05"]
[Round "-"]
[White "Scooter"]
[Black "Wojtek26"]
[Result "1-0"]
[WhiteCountry "USA"]
[BlackCountry "POL"]
[WhiteElo "1693"]
[WhiteRD "56"]
[BlackElo "1529"]
[BlackRD "46"]
[GameID "406024"]

1. d4 d5 2. Nf3 Nc6 3. Bf4 Nf6 4. h3 e6 5. e3 Be7 6. Bb5 a6 7. Bxc6+ bxc6 8. O-O O-O 9. Nbd2 Nh5 10. Bh2 Bd6
11. Ne5 Bxe5 12. Bxe5 Nf6 13. c4 dxc4 14. Nxc4 Nd7 15. Rc1 f6 16. Bg3 Ra7 17. Na5 e5 18. Nxc6 Qe8 19. Nxa7 Bb7 20. Qb3+
1-0

[Event "Nothing flash, nothing fancy"]
[Site "SchemingMind.com"]
[Date "2016.11.05"]
[Round "-"]
[White "Wojtek26"]
[Black "Scooter"]
[Result "1-0"]
[WhiteCountry "POL"]
[BlackCountry "USA"]
[WhiteElo "1529"]
[WhiteRD "46"]
[BlackElo "1693"]
[BlackRD "56"]
[GameID "406025"]

1. e4 c6 2. Nf3 d5 3. exd5 cxd5 4. d4 Bg4 5. h3 Bxf3 6. Qxf3 Nf6 7. Bb5+ Nc6 8. Bg5 e6 9. Bxf6 Qxf6 10. Qxf6 gxf6
11. Nd2 O-O-O 12. c3 Bh6 13. Bxc6 Bxd2+ 14. Kxd2 bxc6 15. g4 Kc7 16. b4 h5 17. f3 hxg4 18. hxg4 Kd6 19. a4 Rdg8 20. Rxh8 Rxh8
21. Re1 e5 22. dxe5+ fxe5 23. Kd3 Rh3 24. Ke2 Rh2+ 25. Ke3 Rh3 26. Ke2 a6 27. a5 c5 28. bxc5+ Kxc5 29. Rb1 Kc4 30. Rb6 Kxc3
31. Rxa6 Rh2+ 32. Ke3 d4+ 33. Ke4 Re2+ 34. Kf5 d3 35. Rc6+ Kb4 36. a6 d2 37. a7 d1=Q 38. a8=Q Qd3+ 39. Kf6 Qxf3+ 40. Ke7 Qd3
41. Qb7+ Qb5 42. Rb6
1-0

[Event "Nothing flash, nothing fancy"]
[Site "SchemingMind.com"]
[Date "2016.11.05"]
[Round "-"]
[White "Scooter"]
[Black "Thomas Jacob Kelly"]
[Result "1-0"]
[WhiteCountry "USA"]
[BlackCountry "USA"]
[WhiteElo "1693"]
[WhiteRD "56"]
[BlackElo "1751"]
[BlackRD "98"]
[GameID "406026"]

1. d4 Nf6 2. Nf3 g6 3. Bf4 Bg7 4. e3 d6 5. Be2 Bf5 6. O-O O-O 7. Nbd2 Nbd7 8. h3 Nd5 9. Bg3 N5b6 10. Nc4 c6
11. Nxb6 Qxb6 12. b3 Rfe8 13. c4 c5 14. Rc1 Rac8 15. d5 Nf8 16. Bd3 Bxd3 17. Qxd3 h6 18. e4 e5 19. Rb1 a5 20. a3 Qa6
21. Rfc1 Nd7 22. b4 Rc7 23. b5 Qa7 24. a4 b6 25. Rf1 Nf8 26. Nh2 f6 27. f4 Rf7 28. fxe5 dxe5 29. Ng4 Qd7 30. Qe3 Kh7
31. Qf3 f5 32. exf5 gxf5 33. Rbe1 Kg8 34. Nxe5 Bxe5 35. Rxe5 Ng6 36. Rxf5 Rxf5 37. Qxf5 Qxf5 38. Rxf5 Kg7 39. d6 Nf8 40. Re5 Rxe5
41. Bxe5+ Kg6 42. Kf2 Nd7 43. Bf4 h5 44. Ke3 Kf5 45. Kf3 Nf6 46. g4+ hxg4+ 47. hxg4+ Ke6 48. g5
1-0

[Event "Nothing flash, nothing fancy"]
[Site "SchemingMind.com"]
[Date "2016.11.05"]
[Round "-"]
[White "Thomas Jacob Kelly"]
[Black "Scooter"]
[Result "1-0"]
[WhiteCountry "USA"]
[BlackCountry "USA"]
[WhiteElo "1751"]
[WhiteRD "98"]
[BlackElo "1693"]
[BlackRD "56"]
[GameID "406027"]

1. e4 c6 2. d4 d5 3. Nc3 dxe4 4. Nxe4 Bf5 5. Ng3 Bg6 6. h4 h6 7. h5 Bh7 8. Bd3 Bxd3 9. Qxd3 Qc7 10. N1e2 Nd7
11. Bf4 e5 12. dxe5 Nxe5 13. Qe4 f6 14. Bxe5 fxe5 15. Qg6+ Qf7 16. Qxf7+ Kxf7 17. O-O-O Nf6 18. f4 e4 19. Rhe1 Be7 20. Nc3 Rad8
21. Ngxe4 Nxh5 22. f5 Rxd1+ 23. Rxd1 Rd8 24. Rf1 Nf6 25. a3 Nxe4 26. Nxe4 Bg5+ 27. Nxg5+ hxg5 28. c3 Kf6 29. g4 Rd7 30. Kc2 a5
31. a4 Ke5 32. Kb3 Ke4 33. Kc4 Ke3 34. b4 axb4 35. cxb4 b6 36. a5 Ke2 37. Ra1 bxa5 38. bxa5 Kf3 39. a6 Ra7 40. Kc5 Kxg4
41. Kb6 Ra8 42. Kb7 Rf8 43. a7 c5 44. a8=Q Rxa8 45. Rxa8 Kxf5 46. Rf8+ Kg6 47. Kc6 c4 48. Kd5 c3 49. Ke4
1-0

[Event "Nothing flash, nothing fancy"]
[Site "SchemingMind.com"]
[Date "2016.11.10"]
[Round "-"]
[White "Scooter"]
[Black "Janusz Szopa"]
[Result "0-1"]
[WhiteCountry "USA"]
[BlackCountry "POL"]
[WhiteElo "1693"]
[WhiteRD "56"]
[BlackElo "1910"]
[BlackRD "94"]
[GameID "406229"]

1. d4 Nf6 2. Nf3 g6 3. Bf4 Bg7 4. e3 O-O 5. Be2 Nh5 6. O-O Nxf4 7. exf4 c5 8. c3 cxd4 9. Nxd4 Nc6 10. Nxc6 bxc6
11. Nd2 d5 12. Nb3 a5 13. Nd4 Qc7 14. g3 a4 15. Re1 Re8 16. Bf3 Bd7 17. Rc1 Reb8 18. b3 axb3 19. axb3 e6 20. c4 Qb6
21. Ne2 Qxb3 22. Qxb3 Rxb3 23. Bg2 Rb2 24. cxd5 exd5 25. Rb1 Rxb1 26. Rxb1 Bf5 27. Rc1 d4 28. Bxc6 Ra2 29. Bf3 d3 30. Nc3 Rc2
0-1

[Event "Nothing flash, nothing fancy"]
[Site "SchemingMind.com"]
[Date "2016.11.09"]
[Round "-"]
[White "Janusz Szopa"]
[Black "Scooter"]
[Result "1-0"]
[WhiteCountry "POL"]
[BlackCountry "USA"]
[WhiteElo "1910"]
[WhiteRD "94"]
[BlackElo "1693"]
[BlackRD "56"]
[GameID "406230"]

1. e4 c6 2. d4 d5 3. exd5 cxd5 4. Bd3 Nf6 5. c3 g6 6. Nf3 Bg7 7. O-O O-O 8. Nbd2 Bg4 9. h3 Bxf3 10. Nxf3 a6
11. Bg5 Nbd7 12. Re1 Re8 13. Bf4 Nh5 14. Bh2 e6 15. g4 Nhf6 16. Ne5 Nxe5 17. Bxe5 Nd7 18. Bg3 b5 19. a4 Nb6 20. axb5 Nc4
21. Bxc4 dxc4 22. bxa6 Qb6 23. Qa4 Rec8 24. a7 Qxb2 25. Qa5 Qd2 26. Reb1 Bxd4 27. cxd4
1-0

[Event "Nothing flash, nothing fancy"]
[Site "SchemingMind.com"]
[Date "2016.11.10"]
[Round "-"]
[White "Sir Osis of the Liver"]
[Black "Janusz Szopa"]
[Result "0-1"]
[WhiteCountry "ENG"]
[BlackCountry "POL"]
[WhiteElo "1539"]
[WhiteRD "86"]
[BlackElo "1910"]
[BlackRD "94"]
[GameID "406231"]

1. e4 d6 2. Nf3 Nf6 3. Nc3 g6 4. Bc4 Bg7 5. d4 O-O 6. h3 Nxe4 7. Bxf7+ Rxf7 8. Nxe4 d5 9. Neg5 Rf8 10. O-O h6
11. Ne5 hxg5 12. Nxg6 Rf7 13. Bxg5 Qd6 14. Qh5 Nc6 15. Bh6 Bxh6 16. Qxh6 Qf6 17. Rae1 Rh7 18. Nxe7+ Qxe7 19. Qd2 Qf7 20. Re3 Bf5
21. Rg3+ Rg7 22. Rf3 Be4 23. Rg3 Rf8 24. Rxg7+ Qxg7 25. g4 Nxd4
0-1

[Event "Nothing flash, nothing fancy"]
[Site "SchemingMind.com"]
[Date "2016.11.09"]
[Round "-"]
[White "Janusz Szopa"]
[Black "Sir Osis of the Liver"]
[Result "1-0"]
[WhiteCountry "POL"]
[BlackCountry "ENG"]
[WhiteElo "1910"]
[WhiteRD "94"]
[BlackElo "1539"]
[BlackRD "86"]
[GameID "406232"]

1. e4 d5 2. exd5 Nf6 3. d4 Bg4 4. Nf3 e6 5. dxe6 Nc6 6. exf7+ Kxf7 7. Bc4+ Nd5 8. h3 Be6 9. Ng5+ Ke7 10. Nxe6 Kxe6
11. O-O Ne7 12. Re1+ Kd7 13. Qg4+ Ke8 14. Qh5+ Kd7 15. Bxd5 Kc8 16. Bf3 Kb8 17. Bg5 h6 18. Bxe7 Bxe7 19. Qb5 b6 20. Qc6
1-0

[Event "Nothing flash, nothing fancy"]
[Site "SchemingMind.com"]
[Date "2016.11.09"]
[Round "-"]
[White "Wojtek26"]
[Black "Janusz Szopa"]
[Result "0-1"]
[WhiteCountry "POL"]
[BlackCountry "POL"]
[WhiteElo "1529"]
[WhiteRD "46"]
[BlackElo "1910"]
[BlackRD "94"]
[GameID "406233"]

1. e4 d6 2. Nf3 Nf6 3. Nc3 g6 4. d4 Bg7 5. Bd3 O-O 6. h3 c6 7. O-O Nbd7 8. b3 Re8 9. Bb2 e5 10. dxe5 Nxe5
11. Nxe5 dxe5 12. Ne2 Nd7 13. c4 b6 14. Ng3 Bb7 15. Bc2 Qe7 16. Qe2 Nf8 17. Rad1 Ne6 18. Qe3 Nd4 19. Bb1 Qh4 20. Ne2 Bh6
21. Qd3 c5 22. f3 f5 23. exf5 e4 24. fxe4 Qxe4 25. Qxe4 Nxe2+
0-1

[Event "Nothing flash, nothing fancy"]
[Site "SchemingMind.com"]
[Date "2016.11.09"]
[Round "-"]
[White "Janusz Szopa"]
[Black "Wojtek26"]
[Result "1-0"]
[WhiteCountry "POL"]
[BlackCountry "POL"]
[WhiteElo "1910"]
[WhiteRD "94"]
[BlackElo "1529"]
[BlackRD "46"]
[GameID "406234"]

1. e4 e5 2. Nf3 Nc6 3. Bc4 Nf6 4. d4 exd4 5. O-O Bc5 6. e5 Ng4 7. Bf4 O-O= 8. h3 Nh6 9. Bxh6 gxh6 10. c3 dxc3
11. Nxc3 Kh8 12. Qc1 d6 13. Qxh6 Be6 14. Bd3 f5 15. Qxe6 Qe7 16. Qxe7 Nxe7 17. Na4 Bb6 18. Nxb6 cxb6 19. exd6 Nc6 20. Rfe1 Rad8
21. Re6
1-0

[Event "Nothing flash, nothing fancy"]
[Site "SchemingMind.com"]
[Date "2016.11.09"]
[Round "-"]
[White "Thomas Jacob Kelly"]
[Black "Janusz Szopa"]
[Result "0-1"]
[WhiteCountry "USA"]
[BlackCountry "POL"]
[WhiteElo "1751"]
[WhiteRD "98"]
[BlackElo "1910"]
[BlackRD "94"]
[GameID "406235"]

1. e4 e6 2. d4 d5 3. Nd2 Nf6 4. Bd3 c5 5. e5 Nfd7 6. c3 Nc6 7. Ngf3 Be7 8. O-O O-O 9. Re1 b6 10. Nf1 a5
11. Ng3 Ba6 12. Bb1 Re8 13. h3 b5 14. Nh2 cxd4 15. cxd4 Nf8 16. Qg4 Ng6 17. Nh5 Rc8 18. a3 b4 19. Nf4 Nxd4 20. Nxg6 Ne2+
21. Kh1 hxg6 22. Bxg6 Nxc1 23. Bxf7+ Kxf7 24. Qh5+ Kg8 25. Raxc1 bxa3
0-1

[Event "Nothing flash, nothing fancy"]
[Site "SchemingMind.com"]
[Date "2016.11.09"]
[Round "-"]
[White "Janusz Szopa"]
[Black "Thomas Jacob Kelly"]
[Result "1-0"]
[WhiteCountry "POL"]
[BlackCountry "USA"]
[WhiteElo "1910"]
[WhiteRD "94"]
[BlackElo "1751"]
[BlackRD "98"]
[GameID "406236"]

1. Nf3 c5 2. g3 d5 3. Bg2 Nf6 4. O-O Bf5 5. c4 e6 6. d3 Be7 7. Qb3 Qd7 8. Ne5 Qc7 9. Bf4 Bd6 10. Nc3 O-O
11. Nb5 Qd8 12. Nxd6 Qxd6 13. e4 dxe4 14. dxe4 Nxe4 15. Qxb7 Na6 16. Nc6 e5 17. Ne7+ Kh8 18. Nxf5 Qe6 19. Qxe4 exf4 20. Qxe6 fxe6
21. Bxa8 Rxf5 22. Rfe1 fxg3 23. hxg3 Nc7 24. Rad1 Rf8 25. Bc6 a5 26. Rd7 Na6 27. Rxe6 h5 28. Ree7 Rg8 29. Bd5
1-0

[Event "Nothing flash, nothing fancy"]
[Site "SchemingMind.com"]
[Date "2016.11.10"]
[Round "-"]
[White "Scooter"]
[Black "klapa"]
[Result "1-0"]
[WhiteCountry "USA"]
[BlackCountry "POL"]
[WhiteElo "1738"]
[WhiteRD "54"]
[BlackElo "1410"]
[BlackRD "69"]
[GameID "406267"]

1. d4 d5 2. Nf3 Nf6 3. Bf4 e6 4. e3 Ne4 5. Bd3 f5 6. O-O h6 7. Nbd2 Bd6 8. Bxd6 Qxd6 9. c4 g5 10. cxd5 Qxd5
11. Bc4 Qd6 12. Nxe4 fxe4 13. Nd2 Bd7 14. Nxe4 Qe7 15. Nc5 Bc6 16. Qg4 h5 17. Qxe6 Qxe6 18. Nxe6 Rh7 19. Nxg5 Rh6 20. Nf7 Rg6
21. f3 Nd7 22. Ne5 Nxe5 23. dxe5 O-O-O 24. e4 h4 25. Rfd1 h3 26. Rxd8+ Kxd8 27. Rd1+ Kc8 28. Rd2 b5 29. Bd5 Bd7 30. Rc2 a5
31. e6 Rxg2+ 32. Rxg2 hxg2 33. exd7+ Kxd7 34. Kxg2
1-0

[Event "Nothing flash, nothing fancy"]
[Site "SchemingMind.com"]
[Date "2016.11.10"]
[Round "-"]
[White "klapa"]
[Black "Scooter"]
[Result "0-1"]
[WhiteCountry "POL"]
[BlackCountry "USA"]
[WhiteElo "1410"]
[WhiteRD "69"]
[BlackElo "1738"]
[BlackRD "54"]
[GameID "406268"]

1. e4 c6 2. Nc3 d5 3. Bd3 dxe4 4. Nxe4 Nf6 5. Nxf6+ exf6 6. Nf3 Qe7+ 7. Be2 g6 8. d4 Bg7 9. c4 Bg4 10. O-O O-O
11. c5 Re8 12. Bd2 Qxe2 13. Qc2 Bxf3 14. gxf3 Qxf3 15. a4 Re2 16. Ra3 Qd5 17. Re3 Qg5+ 18. Kh1 Rxe3 19. Bxe3 Qd5+ 20. f3 Nd7
21. Rf2 f5 22. Kg1 Re8 23. Kf1 Rxe3 24. b4 Rxf3 25. Qe2 Rxf2+ 26. Qxf2 Qxd4 27. Qe1 Qf4+ 28. Qf2 Qxf2+ 29. Kxf2 Bc3 30. b5 cxb5
31. axb5 Nxc5
0-1

[Event "Nothing flash, nothing fancy"]
[Site "SchemingMind.com"]
[Date "2016.11.10"]
[Round "-"]
[White "Sir Osis of the Liver"]
[Black "klapa"]
[Result "0-1"]
[WhiteCountry "ENG"]
[BlackCountry "POL"]
[WhiteElo "1545"]
[WhiteRD "85"]
[BlackElo "1410"]
[BlackRD "69"]
[GameID "406269"]

1. e4 c5 2. Bc4 d6 3. d3 e5 4. h3 Nf6 5. Nf3 Be7 6. O-O O-O 7. a3 Nc6 8. c3 a6 9. Be3 b5 10. Ba2 a5
11. b4 axb4 12. axb4 cxb4 13. Bxf7+ Rxf7 14. Rxa8 bxc3 15. Nxc3 Qd7 16. Nxb5 Qb7 17. Qa4 Nd7 18. Ra1 Nd4 19. Nfxd4 exd4 20. Bxd4 Rf8
21. Rc1 Nb6 22. Bxb6 Qxb6 23. Rcxc8 Qxf2+ 24. Kh1 Qf1+ 25. Kh2 d5 26. Nc7 Bd6+ 27. g3 Qf2+ 28. Kh1 Qe1+ 29. Kg2 Qxg3+ 30. Kh1 Qh2#
0-1

[Event "Nothing flash, nothing fancy"]
[Site "SchemingMind.com"]
[Date "2016.11.10"]
[Round "-"]
[White "klapa"]
[Black "Sir Osis of the Liver"]
[Result "0-1"]
[WhiteCountry "POL"]
[BlackCountry "ENG"]
[WhiteElo "1410"]
[WhiteRD "69"]
[BlackElo "1545"]
[BlackRD "85"]
[GameID "406270"]

1. e4 d5 2. Nc3 d4 3. Nd5 e6 4. Nf4 Nc6 5. Nd3 e5 6. Nf3 Bg4 7. Be2 Nf6 8. Ndxe5 Nxe4 9. Nxg4 Bc5 10. Bb5 O-O
11. Bxc6 bxc6 12. Nfe5 h5 13. Nxc6 Qd6 14. d3 hxg4 15. Qxg4 Nf6 16. Qf3 Nd5 17. c4 Nb4 18. Nxb4 Bxb4+ 19. Bd2 Bxd2+ 20. Kxd2 Qb4+
21. Kc2 Rab8 22. Rab1 Rfe8 23. a3 Qb3+ 24. Kd2 Qa2 25. Qd1 Rxb2+ 26. Rxb2 Qxb2+ 27. Qc2 Re2+ 28. Kxe2 Qxc2+ 29. Kf3 Qxd3+ 30. Kg4 g6
31. f3 Qxc4
0-1

[Event "Nothing flash, nothing fancy"]
[Site "SchemingMind.com"]
[Date "2016.11.11"]
[Round "-"]
[White "klapa"]
[Black "Wojtek26"]
[Result "0-1"]
[WhiteCountry "POL"]
[BlackCountry "POL"]
[WhiteElo "1402"]
[WhiteRD "73"]
[BlackElo "1529"]
[BlackRD "46"]
[GameID "406271"]

1. e4 e5 2. Nf3 Nc6 3. d4 exd4 4. Nxd4 Nxd4 5. Qxd4 d6 6. Be3 Be6 7. e5 dxe5 8. Qxe5 Nf6 9. Qb5+ c6 10. Qxb7 Rb8
11. Qxc6+ Bd7 12. Qc3 Bb4 13. Qxb4 Rxb4 14. Bxa7 O-O 15. Bc5 Re8+ 16. Be2 Rbe4 17. O-O Rxe2 18. Nc3 R2e6 19. b4 Ne4 20. Nxe4 Rxe4
0-1

[Event "Nothing flash, nothing fancy"]
[Site "SchemingMind.com"]
[Date "2016.11.11"]
[Round "-"]
[White "Wojtek26"]
[Black "klapa"]
[Result "1-0"]
[WhiteCountry "POL"]
[BlackCountry "POL"]
[WhiteElo "1548"]
[WhiteRD "48"]
[BlackElo "1410"]
[BlackRD "69"]
[GameID "406272"]

1. e4 e5 2. Nf3 Nf6 3. Nc3 Bd6 4. d3 O-O 5. Be2 Bc5 6. Nxe5 d6 7. Nf3 Be6 8. O-O d5 9. e5 Nfd7 10. d4 Bb4
11. Bd2 c5 12. a3 cxd4 13. Nxd4 Bxc3 14. Bxc3 Nxe5 15. Nxe6 Qc8 16. Bxe5 Qxe6 17. Bxb8 Raxb8 18. Re1 Qd6 19. Bd3 a6 20. Qh5 Qh6
21. Qxh6 gxh6 22. Re7 Rbe8 23. Rae1 Rxe7 24. Rxe7 b5 25. Ra7 Re8 26. Kf1 h5 27. Rxa6
1-0

[Event "Nothing flash, nothing fancy"]
[Site "SchemingMind.com"]
[Date "2016.11.10"]
[Round "-"]
[White "klapa"]
[Black "Thomas Jacob Kelly"]
[Result "0-1"]
[WhiteCountry "POL"]
[BlackCountry "USA"]
[WhiteElo "1402"]
[WhiteRD "73"]
[BlackElo "1751"]
[BlackRD "98"]
[GameID "406273"]

1. e4 e5 2. Nf3 Nf6 3. d4 exd4 4. e5 Qe7 5. Bf4 d6 6. Bd3 dxe5 7. Nxe5 Nc6 8. Bb5 Nd5 9. Qd2 Nxf4 10. Qxf4 f6
11. Qxd4 fxe5 12. Qe4 Qb4+ 13. Qxb4 Bxb4+ 14. c3 Bd6 15. O-O O-O 16. Bc4+ Kh8 17. Nd2 Bf5 18. b4 Rae8 19. b5 Na5 20. a4 e4
21. Ba2 Bc5 22. Bb1 e3 23. fxe3 Bxe3+ 24. Kh1 Bxb1 25. Raxb1 Bxd2 26. Rxf8+ Rxf8 27. Rd1 Bxc3 28. h3 Be5 29. b6 axb6 30. Re1 Nc6
31. Kg1 Bg3 32. Rb1 Nd4 33. a5 bxa5 34. Rd1 a4 35. Rxd4 Bf2+ 36. Kh2 Bxd4 37. g4 Be5+ 38. Kg2 a3
0-1

[Event "Nothing flash, nothing fancy"]
[Site "SchemingMind.com"]
[Date "2016.11.10"]
[Round "-"]
[White "Thomas Jacob Kelly"]
[Black "klapa"]
[Result "1-0"]
[WhiteCountry "USA"]
[BlackCountry "POL"]
[WhiteElo "1751"]
[WhiteRD "98"]
[BlackElo "1402"]
[BlackRD "73"]
[GameID "406274"]

1. e4 c5 2. Nf3 d6 3. d4 cxd4 4. Nxd4 Nf6 5. Bd3 e5 6. Nf3 Be7 7. Be3 O-O 8. O-O d5 9. Nxe5 dxe4 10. Bc4 Be6
11. Qe2 Qd6 12. Bf4 Bg4 13. f3 exf3 14. gxf3 Qd4+ 15. Qe3 Qxb2 16. Nc3 Qb4 17. Rab1 Qa5 18. Rb5 Qc7 19. fxg4 a6 20. Bxf7+ Rxf7
21. Nxf7 Qc6 22. Ne5 Qc7 23. Ng6 Nxg4 24. Qe6#
1-0

[Event "Nothing flash, nothing fancy"]
[Site "SchemingMind.com"]
[Date "2016.11.10"]
[Round "-"]
[White "klapa"]
[Black "Janusz Szopa"]
[Result "0-1"]
[WhiteCountry "POL"]
[BlackCountry "POL"]
[WhiteElo "1410"]
[WhiteRD "69"]
[BlackElo "2021"]
[BlackRD "83"]
[GameID "406275"]

1. e4 d6 2. d4 Nf6 3. d5 Nxe4 4. c4 c6 5. Bd3 Qa5+ 6. Bd2 Nxd2 7. Nxd2 cxd5 8. cxd5 Qxd5 9. Be4 Qa5 10. Nf3 d5
11. Bd3 Nc6 12. O-O e5 13. Nb3 Qb6 14. a4 e4 15. Qe2 Qxb3 16. Bc2 Qxb2 17. Rfb1 Qf6 18. a5 Be7 19. Nd2 Nd4 20. Ba4+ Nc6
21. Nb3 O-O 22. Ra2 Ne5 23. Nd4 Bc5 24. Rd1 Bg4 25. Qb5 Bxd1 26. Qxc5 Bxa4 27. Rxa4 Rac8 28. Qa3 Nd3 29. f3 Rc1+ 30. Qxc1 Nxc1
0-1

[Event "Nothing flash, nothing fancy"]
[Site "SchemingMind.com"]
[Date "2016.11.10"]
[Round "-"]
[White "Janusz Szopa"]
[Black "klapa"]
[Result "1-0"]
[WhiteCountry "POL"]
[BlackCountry "POL"]
[WhiteElo "1910"]
[WhiteRD "94"]
[BlackElo "1402"]
[BlackRD "73"]
[GameID "406276"]

1. e4 e6 2. d4 d5 3. Nc3 Nc6 4. e5 Nge7 5. Nf3 Nf5 6. g3 Nb4 7. a3 Nc6 8. h4 a6 9. g4 Nfe7 10. h5 b5
11. h6 b4 12. axb4 Nxb4 13. Na4 Nec6 14. c3 Qe7 15. Nc5 gxh6 16. cxb4 a5 17. Bb5 Bd7 18. Qa4 Bg7 19. Bxc6 O-O 20. Nxd7 axb4
21. Bxa8 c5 22. Nxf8 Bxf8 23. Bxh6 Bxh6 24. Rxh6 c4 25. Qc2 c3 26. Qxh7+ Kf8 27. Qh8#
1-0